Attitudes and language
Αποθηκεύτηκε σε:
| Κύριος συγγραφέας: | |
|---|---|
| Μορφή: | Βιβλίο |
| Γλώσσα: | English |
| Δημοσίευση: |
Clevedon, England ; Philadelphia :
Multilingual Matters,
c1992
|
| Σειρά: | Multilingual matters (Series)
; 83 |
| Θέματα: | |
| Ετικέτες: |
Προσθήκη ετικέτας
Δεν υπάρχουν, Καταχωρήστε ετικέτα πρώτοι!
|
MARC
| LEADER | 00000nam a2200000 i 4500 | ||
|---|---|---|---|
| 001 | 1/84435 | ||
| 008 | 981005s1992 eng d | ||
| 020 | |a 1-85359-143-2 | ||
| 035 | |l 10034440 | ||
| 035 | |a 1993 |b 1 |c Σκούρτου | ||
| 035 | |a 11998 |b 1 |c Σκούρτου | ||
| 040 | |a GR-MY-UA |b gre |e aacr | ||
| 041 | 0 | |a eng | |
| 082 | 0 | |a 404.2 |2 (20) | |
| 100 | 1 | |a Baker, Colin |d 1949- | |
| 245 | 1 | 0 | |a Attitudes and language / |c Colin Baker |
| 260 | |a Clevedon, England ; Philadelphia : |b Multilingual Matters, |c c1992 | ||
| 300 | |a x, 173 p.; |b ill.; |c 22 cm | ||
| 490 | 1 | |a Multilingual matters (Series) |v ; 83 | |
| 504 | |a Περιέχει βιβλιογραφικές παραπομπές (σ. 164-170) and index | ||
| 650 | 0 | 0 | |a Language awareness. |
| 650 | 0 | 0 | |a Attitude (Psychology) |
| 650 | 0 | 0 | |a Bilingualism. |
| 830 | 0 | |a Multilingual matters (Series) |v ; 83 | |
| 852 | |a INST |b RHODES |e 19990203 |h 404.2 BAK |p 005400005615 |q 005400005615 |t BK |y 0 | ||
| 852 | |a INST |b RHODES |e 19981005 |h 404.2 BAK |p 005400009944 |q 005400009944 |t BK |y 0 | ||
| 909 | |a Ρ |b 026423 |c 1993 | ||
| 909 | |a Ρ |b 056162 |c 1998 | ||